000 00555cam a2200181 4500500
005 20260405003958.0
041 _afre
042 _adc
100 1 0 _aArdeois, Iris
_eauthor
245 0 0 _aC’est quoi l’“épochè” ?
260 _c2025.
500 _a47
690 _aCicéron
690 _aEdmund Husserl
690 _aPhénoménologie
786 0 _nPhilosophie magazine | 195 | 13 | 2025-12-01 | p. 121-121 | 1951-1787
856 4 1 _uhttps://shs.cairn.info/magazine-philosophie-magazine-2025-13-page-121?lang=fr&redirect-ssocas=7080
999 _c2072615
_d2072615